书目信息 |
| 题名: |
中文Photoshop 7.0经典八十八例
|
|
| 作者: | 王杉华 , 石文旭 编著 | |
| 分册: | ||
| 出版信息: | 成都 电子科技大学出版社 2003.08 |
|
| 页数: | 302页 | |
| 开本: | 26cm | |
| 丛书名: | ||
| 单 册: | ||
| 中图分类: | TP391.41 | |
| 科图分类: | ||
| 主题词: | 计算机应用 | |
| 电子资源: | ||
| ISBN: | 7-81094-185-2 | |
| 000 | 00623nam0 2200193 45 | |
| 001 | 0455822752 | |
| 005 | 2004051315302275 | |
| 010 | @a7-81094-185-2@dRMB 30.00 | |
| 100 | @a20040513d2003 km y0chiy0120 ea | |
| 101 | 0 | @achi |
| 200 | 1 | @a中文Photoshop 7.0经典八十八例@Azhong wen Photoshop 7.0 jing dian ba shi ba li@f王杉华,石文旭编著@FWang Shan Hua,Shi Wen Xu Bian Zhu |
| 210 | @a成都@c电子科技大学出版社@d2003.08 | |
| 215 | @a302页@d26cm | |
| 606 | 0 | @a计算机应用 |
| 690 | @aTP391.41@v4 | |
| 701 | 0 | @a王杉华@AWang Shan Hua@4编著 |
| 701 | 0 | @a石文旭@AShi Wen Xu@4编著 |
| 801 | 0 | @aCN@bPFT@c20040513 |
| 905 | @dTP391.41@eW332 | |
| 中文Photoshop 7.0经典八十八例/王杉华,石文旭编著.-成都:电子科技大学出版社,2003.08 |
| 302页;26cm |
| ISBN 7-81094-185-2:RMB 30.00 |
| ● |
| 相关链接 |
|
|
|
正题名:中文Photoshop 7.0经典八十八例
索取号:TP391.41/W332
 
预约/预借
| 序号 | 登录号 | 条形码 | 馆藏地/架位号 | 状态 | 备注 |
| 1 | 375152 | 203751528 | 自科二线504/504自科库 7排1列1层/ [索取号:TP391.41/W332] | 在馆 | |
| 2 | 375153 | 203751537 | 自科二线504/504自科库 18排1列6层/ [索取号:TP391.41/W332] | 在馆 | |
| 3 | 375154 | 203751546 | 自科二线504/504自科库 18排2列4层/ [索取号:TP391.41/W332] | 在馆 |